header

Gynecological cancer management (Record no. 48691)

MARC details
000 -LEADER
fixed length control field 01205nam a2200289Ia 4500
245 00 - TITLE STATEMENT
Title Gynecological cancer management
260 ## - PUBLICATION, DISTRIBUTION, ETC. (IMPRINT)
Place of publication Oxford ;
-- Hoboken, NJ :
Name of publisher Wiley-Blackwell,
Year of publication 2010.
300 ## - PHYSICAL DESCRIPTION
Number of Pages xi, 196 p. :
Other physical details ill.
650 #0 - SUBJECT ADDED ENTRY--TOPICAL TERM
Topical Term Generative organs, Female
Topical Term Generative organs, Female
700 1# - ADDED ENTRY--PERSONAL NAME
Personal name Clarke-Pearson, Daniel L.
Personal name Soper, John.
856 40 - ELECTRONIC LOCATION AND ACCESS
Uniform Resource Identifier http://site.ebrary.com/lib/rucke/Doc?id=10344053

No items available.

© 2026 Rongo University
Contact us: librarian | system librarian | Rongo university